Catalog

Record Details

Catalog Search



Available copies

  • 1 of 1 copy available at LARL/NWRL Consortium.

Current holds

0 current holds with 1 total copy.

Show Only Available Copies
Location Call Number / Copy Notes Barcode Shelving Location Status Due Date
Barb Geer Memorial LINK Site DVD LOB (Text) 35500005326044 Main Available -

Record details

  • Physical Description: 1 videodisc (ca. 83 min.) : sd., col. ; 4 3/4 in.
  • Publisher: Murray, Utah : Feature Films for Families, 2009.

Content descriptions

General Note:
Title from container.
Includes Parents Guide for family discussion.
"Strengthening traditional values through entertainment"--Container insert.
Creation/Production Credits Note:
Music, Eric Cadesky, Nick Dyer ; editor, Ralph ... Read More
Participant or Performer Note:
Colm Meaney, Alberta Watson, Jack Knight, Graham ... Read More
Summary, etc.:
"A chunk of miraculous moss appears in Cody ... Read More
Target Audience Note:
MPAA rating: Not rated.
System Details Note:
DVD ; Dolby Digital.
Language Note:
Closed-captioned for the hearing impaired.
Subject: Lobster fishers > New England > Drama.
Families > New England > Drama.
Interpersonal conflict > New England > Drama.
Magic > New England > Drama.
New England > Drama.
Genre: Feature films.
Fantasy films.
LDR 02292cgm a2200541Ia 4500
001134520
003LARL_NWRL_CONSORTIUM
00520110819122004.0
007vd cvaizq
008091221s2009 utu083 vaeng d
0241 . ‡a796323171540
035 . ‡a(OCoLC)491467564
040 . ‡aZHX ‡cZHX ‡dZHX ‡dOCLCA
043 . ‡an-usn--
08204. ‡a791.43/72 ‡222
24502. ‡aA lobster tale ‡h[DVD/videorecording] / ‡cFeature Films for Families.
260 . ‡aMurray, Utah : ‡bFeature Films for Families, ‡c2009.
300 . ‡a1 videodisc (ca. 83 min.) : ‡bsd., col. ; ‡c4 3/4 in.
546 . ‡aClosed-captioned for the hearing impaired.
538 . ‡aDVD ; Dolby Digital.
500 . ‡aTitle from container.
5111 . ‡aColm Meaney, Alberta Watson, Jack Knight, Graham Greene.
508 . ‡aMusic, Eric Cadesky, Nick Dyer ; editor, Ralph Brunjes ; director of photography, Patrick McGowan.
5218 . ‡aMPAA rating: Not rated.
520 . ‡a"A chunk of miraculous moss appears in Cody Brewer's lobster trap upending Cody's peaceful life as all his friends and neighbors vie for the use of its fantastic healing powers"--Container insert.
500 . ‡aIncludes Parents Guide for family discussion.
500 . ‡a"Strengthening traditional values through entertainment"--Container insert.
650 0. ‡aLobster fishers ‡zNew England ‡vDrama.
650 0. ‡aFamilies ‡zNew England ‡vDrama.
650 0. ‡aInterpersonal conflict ‡zNew England ‡vDrama.
650 0. ‡aMagic ‡zNew England ‡vDrama.
651 0. ‡aNew England ‡vDrama.
655 0. ‡aFeature films. ‡0(LARL_NWRL_CONSORTIUM)175625
655 0. ‡aFantasy films. ‡0(LARL_NWRL_CONSORTIUM)175666
7001 . ‡aStalmaster, Lincoln.
7001 . ‡aCrandall, Court.
7001 . ‡aMassey, Adam.
7001 . ‡aMeaney, Colm, ‡d1953- ‡0(LARL_NWRL_CONSORTIUM)206501
7001 . ‡aWatson, Alberta. ‡0(LARL_NWRL_CONSORTIUM)136323
7001 . ‡aKnight, Jack.
7001 . ‡aGreene, Graham, ‡d1952- ‡0(LARL_NWRL_CONSORTIUM)140995
7102 . ‡aFeature Films for Families. ‡0(LARL_NWRL_CONSORTIUM)145883
948 . ‡hNO HOLDINGS IN LAL - 27 OTHER HOLDINGS
994 . ‡aZ0 ‡bLAL
901 . ‡a134520 ‡bOCLC ‡c134520 ‡tbiblio

Additional Resources